UK Towns Quiz - Rhondda Cynon Taf - Wales - Statistics

General Stats
  • This quiz has been taken 50 times
  • The average score is 17 of 29
Answer Stats
Clue Population Town % Correct
A 37,691 Aberdare
100%
P 31,914 Pontypridd
96%
P 13,357 Porth
96%
T 7,642 Treorchy
92%
L 4,204 Llantrisant
88%
T 17,203 Tonypandy
88%
F 4,305 Ferndale
83%
M 13,005 Mountain Ash
83%
T 5,423 Treherbert
75%
T 11,445 Tonyrefail
71%
A 6,375 Abercynon
67%
B 7,356 Beddau
67%
C 14,157 Church Village
63%
P 5,794 Pontyclun
63%
M 2,840 Maerdy
58%
T 3,291 Talbot Green
58%
L 8,099 Llanharan
54%
R 13,271 Rhondda
50%
T 3,553 Taffs Well
50%
G 1,534 Gilfach Goch
46%
L 3,748 Llanharry
42%
T 3,547 Tylorstown
42%
N 814 Nantgarw
38%
Y 4,581 Ynysybwl
38%
W 1,102 Wattstown
25%
E 590 Efail Isaf
17%
G 704 Groes-faen
13%
H 2,444 Hendreforgan
13%
B 653 Brynsadler
8%
No matching quizzes found
Score Distribution
Percent of People with Each Score
Percentile by Number Answered
Your Score History
You have not taken this quiz